Medieval Islam : a study in cultural orientation.

محفوظ في:

المؤلف الرئيسي: Grunebaum, Gustave E. von, 1909-1972.

التنسيق: كتاب

اللغة: English

منشور في: Chicago : University of Chicago Press, 1969.

الطبعة: Seventh impression.

سلاسل: Oriental Institute essay.

الموضوعات:

الوسوم: إضافة وسم

لا توجد وسوم, كن أول من يضع وسما على هذه التسجيلة!

رقم الطلب: D199.3 .V64 1969

LEADER 00815nam a2200265u 4500
001 rdb03759046
003 OSt
005 20251202141523.0
008 751126s1969 ilub b 000 0 eng
010 |a 53009941 
040 |c ARCE Library 
050 4 |a D199.3 .V64 1969 
100 1 |a Grunebaum, Gustave E. von,   |q (Gustave Edmund),   |d 1909-1972. 
245 1 0 |a Medieval Islam :   |b a study in cultural orientation. 
250 |a Seventh impression. 
260 |a Chicago :   |b University of Chicago Press,   |c 1969. 
300 |a vii, 378 p. :  |b maps (on lining papers) ;  |c 21 cm. 
490 1 |a An Oriental Institute essay. 
504 |a Bibliographical footnotes. 
650 0 |a Islam. 
650 0 |a Islamic civilization. 
830 0 |a Oriental Institute essay. 
901 |a reviewed 
942 |2 lcc  |c BK 
999 |c 55126  |d 55126